| 000 | 00564nam a2200205Ia 4500 | ||
|---|---|---|---|
| 999 |
_c27685 _d27685 |
||
| 003 | GCL | ||
| 005 | 20240530101801.0 | ||
| 008 | 140319s9999 xx 000 0 ara d | ||
| 040 |
_aGCL / _cGCL |
||
| 082 | 0 | 4 |
_a523.101 _bم هـ |
| 100 | 1 | _aمحمد عبده يمانى | |
| 245 | 1 | 0 |
_a؟؟؟؟؟؟ _cمحمد عبده يمانى |
| 260 |
_a[S.N] : _bبيت القران ، _c1992 |
||
| 300 | _a91 ص | ||
| 650 | 0 | 4 | _aالفلك |
| 650 | 0 | 4 | _aالكون |
| 650 | 0 | 4 | _aالاجهزة الفلكية |
| 650 | 0 | 4 | _aالفضاء الخارجى |
| 942 |
_2ddc _cBK |
||